Quizzes
Events
Quiz Creation
Community
Videos
Private Events
Remove Ads
Sign In
Join for FREE
Feedback
Dark Mode
Quiz Categories
Sports
Geography
Music
Movies
Television
Just For Fun
Miscellaneous
History
Literature
Language
Science
Gaming
Entertainment
Religion
Holiday
For Kids
Quiz Lab
Recent
Popular Today
Quiz Kudos Today
Editor Picks
Curator Picks
Quizzes by...
Day
Popularity
Type
Ratings
Length
Year
Community
Subscriptions
Recent Discussions
Orange Saloon
Badges
Playlists
Quests
Create
Leaderboards
Showdown
Live 5
Trivia Bingo
Activity
Puzzle Library
Sporcle Events
Private Events
Virtual Trivia
Globe League
Become a Host
Pub Owners
SporcleCon
Opinionation
Our Games
Videos
Blog
Mobile Apps
Partnerships
Remove Ads and Go Orange
Feedback
Sports
Athletes
MLB
NBA
NHL
NFL
Soccer
Sports Teams
WWE
NCAA
Football
Premier League
Basketball
Baseball
Hockey
Golf
Tennis
Cricket
Rugby
Auto Racing
Olympics
World Cup
Sports
Athletes
MLB
NBA
NHL
NFL
Soccer
Sports Teams
WWE
NCAA
Football
Premier League
Basketball
Baseball
Hockey
Golf
Tennis
Cricket
Rugby
Auto Racing
Olympics
World Cup
Random Quiz
Search Sporcle
×
Quiz Lab
Quiz Lab
Sports
Blitz
Type in answers that appear in a list
Type in answers that appear in a list
Classic
Best Score? Go Orange.
60 Second Blitz: Basketball HOFers Stats
Can you name the players inducted into the Naismith Memorial Basketball Hall of Fame in 60 seconds?
By
baseball4825
60s
139 Questions
534 Plays
534 Plays
534 Plays
Comments
Comments
Give Quiz Kudos
Give Quiz Kudos
-
- Ratings
hide this ad
Replay
Link that replays current quiz
Next Quiz
Link to next quiz in quiz playlist
You Got
0%
They Got
Avg Score
17%
Avg Friend Score
Upgrade to see
Score Distribution
Jump to the score distribution portion of the page
Score
0/139
Timer
01:00
0
Plays Today
% Correct
Magic Johnson
90.6%
William Johnson
90.4%
Michael Jordan
90.1%
Larry Bird
81.8%
Bill Russell
73.6%
John Russell
73.6%
Moses Malone
72.5%
Wilt Chamberlain
68.4%
Jerry West
67.8%
Kareem Abdul-Jabbar
66.3%
John Stockton
60.9%
David Robinson
57.3%
Sam Jones
53.4%
K.C. Jones
53.2%
Charles Barkley
52.6%
Patrick Ewing
52.4%
John Havlicek
51.7%
Bob Cousy
50.7%
Oscar Robertson
50%
Hakeem Olajuwon
49.8%
Kevin McHale
47.2%
Julius Erving
44.2%
Isiah Thomas
44%
George Mikan
43.4%
Robert Parish
42.5%
Clyde Drexler
39.1%
James Worthy
38.8%
George Gervin
38.4%
Elgin Baylor
36.5%
Dominique Wilkins
33.9%
Pete Maravich
32.2%
Willis Reed
32.2%
Rick Barry
29.8%
Wes Unseld
28.5%
Tiny Archibald
28.3%
Bill Walton
27.9%
Joe Dumars
27.5%
Alex English
26%
Dave Bing
25.3%
Bob Pettit
24.9%
David Thompson
23.4%
John Thompson
23.4%
Walt Frazier
23%
Cheryl Miller
23%
Elvin Hayes
22.8%
Lenny Wilkens
22.5%
Adrian Dantley
20.6%
% Correct
Dave Cowens
20%
Bob McAdoo
20%
Earl Monroe
18.5%
Dolph Schayes
18%
Dan Issel
16.5%
Hal Greer
12.5%
Tom Heinsohn
12.2%
Paul Arizin
12%
Bill Bradley
11%
Calvin Murphy
10.1%
Charles Murphy
10.1%
Gail Goodrich
9.7%
Bill Sharman
9.7%
Nera White
9.4%
Dave DeBusschere
8.4%
Jerry Lucas
8.1%
Nate Thurmond
7.1%
John Wooden
6.6%
Bob Lanier
6.2%
Walt Bellamy
5.1%
Billy Cunningham
5.1%
Chuck Cooper
4.3%
George Yardley
3.6%
Cliff Hagan
3%
Tom Gola
2.8%
Connie Hawkins
2.6%
Arnie Risen
2.4%
Joe Fulks
2.2%
Drazen Petrovic
2.2%
Jim Pollard
2.2%
Slater Martin
2.1%
Jack Twyman
1.9%
Vern Mikkelsen
1.7%
Lauren Gale
1.5%
Bailey Howell
1.5%
Harlan Page
1.5%
Frank Ramsey
1.5%
Kresimir Cosic
1.3%
Neil Johnston
1.3%
Bobby Wanzer
1.3%
Marques Haynes
1.1%
Nat Holman
1.1%
Ed Macauley
1.1%
Dick McGuire
1.1%
Denise Curry
0.9%
Harry Gallatin
0.9%
Charles Hyatt
0.9%
% Correct
Clyde Lovellette
0.9%
Branch McCracken
0.9%
Jack McCracken
0.9%
John Roosma
0.7%
Bob Kurland
0.6%
John Beckman
0.4%
Al Cervi
0.4%
Anne Donovan
0.4%
Robert Vandivier
0.4%
Lynette Woodard
0.4%
Thomas Barlow
0.2%
Sergei Belov
0.2%
Joan Crawford
0.2%
Bob Davies
0.2%
Dutch Dehnert
0.2%
Paul Endacott
0.2%
Harold Foster
0.2%
Pop Gates
0.2%
Victor Hanson
0.2%
Bob Houbregs
0.2%
Ann Meyers
0.2%
Ernest Schmidt
0.2%
Maurice Stokes
0.2%
Carol Blazejowski
0%
Bernard Borgmann
0%
Joseph Brennan
0%
Drazen Dalipagic
0%
Forrest DeBernardi
0%
Max Friedman
0%
Robert Gruenig
0%
Lusia Harris-Stewart
0%
Buddy Jeannette
0%
Ed Krause
0%
Joe Lapchick
0%
Nancy Lieberman-Cline
0%
Hank Luisetti
0%
Hortencia Marcari
0%
Bob McDermott
0%
Dino Meneghin
0%
Andy Phillip
0%
John Schommer
0%
Barney Sedran
0%
Uljana Semjonova
0%
Christian Steinmetz
0%
Edward Wachter
0%
Quiz Playlist
Details
Report
Send in Message
Add To Playlist
Classic:
Type in answers that appear in a list
Quiz Source
Last Updated: Feb 16, 2017
Quiz Scoreboard
CHALLENGE
Sign Up to Join the Scoreboard
Show All
Scores
Hide
Comments
May contain spoilers
Recently Published
College Basketball Coaching Resumes
by pancakes188
Sports
9m
Billboard Blitz: Fleetwood Mac
by CooCooCachoo
Music
15s
Presidents Visiting Landmarks
by Hejman
History
7m
More to Explore
Quiz From the Vault
Featured Blog Post
Where Did the Easter Bunny Come From?
hide this ad
You Might Also Like...
Tags
Basketball Quiz
Blitz Quiz
fame
hall
Homer
Inducted
memorial
naismith
Naismith Memorial
Player
second
Today's Top Quizzes in Sports
Browse Sports
hide this ad
Today's Top Quizzes in Blitz
Browse Blitz
Top Contributed Quizzes in Sports
1
2022 World Cup Stars
2
Les meilleurs buteurs des matchs entre le PSG et l’OM
3
FIFA Club World Cup Champions
4
Les entraîneurs de l'OM et du PSG au 21e siècle
5
Criteria MLB: Left Handed Sluggers
6
AFC Teams Reveal (Wrong Answers Minefield)
7
5-to-1: UK Sports Teams
8
5-to-1: FBS Animal Nicknames
9
2023 MLB Unique Player Accomplishments
10
Name the Premier League winners with different clubs
Explore More
Trending Topics
Disney
Marvel
Anime
Harry Potter
Crossword
NBA
Kpop
WWE
The Office
Country
Puzzle
Soccer
Pokémon
Song
NFL
hide this ad
More By:
baseball4825
Quiz
Plays
Rating
Category
Featured
Created
4-Letter Sports Teams
321,611
4.51
Sports
Dec 24, 2009
US Presidents by Picture
307,256
4.73
History
Jan 19, 2010
MLB: Silver Slugger and Gold Glove in the Same Year
21,109
4.14
Sports
Jan 15, 2010
MLB Single Season Top 5 (Active Players)
7,704
4.22
Sports
Jan 20, 2010
MLB Single Season Top 5 (Modern Era)
5,118
4.16
Sports
Jan 18, 2010
Go to Creator's Profile
Score Distribution
Quiz Creator Spotlight
baseball4825
Follow
Send a Message
Quizzes Created
-
Created Quiz Play Count
-
More By This Creator
Popular Quizzes Today
1
Find the US States - No Outlines Minefield
2
Find the Countries of Europe - No Outlines Minefield
3
The Countries of the World
4
Find the US States
5
Risky Map Clicking: Biggest States A-Z
6
US States
7
Popular People in 1961
8
Movies - When Are They Set?
More Sports Quizzes
Tattoo My Body with... Sports Teams
Published
Trending Quizzes
Risky Map Clicking: Least Populous States A-Z
1-10 Letter G Words
1-10 Letter F Words
Risky Map Clicking: Next State Alphabetically
Risky Map Clicking: Biggest States A-Z
Recently Updated
Leaping Animals
pecheneg
Reality TV Shows (A-Z)
bhenderson79
Rickey Henderson's Hall of Fame Teammates
pecheneg
Champions League XIs: Arsenal
pecheneg
Quick Pick: Celebrities in WWE's Hall of Fame
aduchscher
A-Z Keypad Blitz II
pecheneg
Multiple Oscar Actors
pecheneg
Mystery Phrase Blitz: Oscar 'Best Actors'
pecheneg
F. Scott Fitzgerald Novels
LTH
Pick 3 Villains
ddd62291
Trending Topics
Anime
Crossword
Marvel
Kpop
Disney
NBA
Harry Potter
WWE
Pokémon
Soccer
Puzzle
NFL
The Office
Country
Song
Your Account Isn't Verified!
In order to create a playlist on Sporcle, you need to verify the email address you used during registration. Go to your
Sporcle Settings
to finish the process.
Report this User
Report this user for behavior that violates our
Community Guidelines
.
Details:
Send Report
Go to the Sporcle.com Mobile Site →
Comments